000 00632nam a2200229 4500
001 5956
010 _a9788447112319
090 _a5956
100 _a20211231d2000 a||y0pory5003 ba
200 1 _aHavita
_fDisney Enterprises
_gtrad. Elsa Rocha
210 _cSalvat
_d2001
215 _a[42] p.
_cil. col.
_d24 cm
225 2 _aClube de Livro Disney
606 _914
_aLiteratura infantil
606 _913
_aLiteratura Estrangeira
675 _a82-93
_vBN
_zpor
675 _a821.1/.8
_vBN
_zpor
702 _aRocha
_bElsa
_93342
710 _aDisney Enterprises
_95606
801 0 _aPT
_bBMVN
_gRPC
830 _cAna Caetano
_d31/12/2021
990 _cLIVROS